| 000 | 00634nam a2200205 i 4500 | ||
|---|---|---|---|
| 001 | 104473 | ||
| 003 | ES-MaACL | ||
| 005 | 20251018063058.0 | ||
| 007 | t| | ||
| 008 | 051130s1957 sp ||||1| spa d | ||
| 100 | 1 |
_aMiller, Henry, _d1891-1980 _9242368 |
|
| 245 | 1 | 3 |
_aEl coloso de Marusi / _cHenry Miller; traducción de Ramón Gil Novales. |
| 260 |
_aBarcelona : _bSeix Barral, _c1957. |
||
| 300 |
_a317 p. ; _c18 cm. |
||
| 490 | 1 | _aBiblioteca breve | |
| 700 | 1 |
_aGil Novales, Ramón. _956852 |
|
| 830 | 0 |
_aBiblioteca breve (Seix Barral) _9227188 |
|
| 852 |
_aES-MaACL _jC-13948 _bR.41075 |
||
| 999 |
_c104473 _d104473 |
||